| 000 | 01011cam a22002535a 4500 | ||
|---|---|---|---|
| 999 |
_c212 _d212 |
||
| 001 | 17658694 | ||
| 003 | OSt | ||
| 005 | 20200312095450.0 | ||
| 008 | 130314m2011 ilua b 001 0 eng d | ||
| 040 |
_aKABLIB _beng _cKABLIB _dKABLIB |
||
| 082 | 0 | 0 |
_a617.1027 _223 _bINS |
| 245 | 0 | 0 |
_aInstructional Course Lectures / _cedited by Franklin H. Sim. |
| 260 |
_aRosemont, IL : _bAmerican Academy Of Orthopaedic Surgeons, _cc2001. |
||
| 300 |
_axix, 644 p. : _bill. ; _c29 cm. |
||
| 500 | _aIncludes index (p. 577-645). | ||
| 504 | _aIncludes bibliographical references (p. 575). | ||
| 520 |
_a"Current surgical approaches and up-to-date expertise on the important and developing topics facing the practice of orthopaedic sports medicine today." -- _cAAOS web site. |
||
| 650 | 0 |
_aSports medicine. _9833 |
|
| 650 | 0 |
_aOrthopedics. _9834 |
|
| 650 | 7 |
_aOrthopedics. _2fast _0(OCoLC)fst01048565 _9834 |
|
| 650 | 7 |
_aSports medicine. _2fast _0(OCoLC)fst01130709 _9833 |
|
| 700 | 1 |
_aAhmad, Christopher S. _9835 |
|
| 942 |
_2ddc _cBOOK |
||